[Event "Mario Desautels mem"]
[Site "Gatineau CAN"]
[Date "2003.12.16"]
[Round "5"]
[White "Papineau, Andre"]
[Black "Laurin, Jacques"]
[Result "1-0"]
[WhiteElo "1710"]
[BlackElo "1863"]
[PlyCount "149"]
[EventDate "2003.11.18"]
[EventType "swiss"]
[EventRounds "5"]
[EventCountry "CAN"]

1. d4 d6 2. Nf3 Nf6 3. c4 g6 4. Nc3 Bg7 5. g3 c6 6. Bg2 Qc7 7. e4 Bg4 8. O-O
Qc8 9. Be3 h5 10. h4 Nbd7 11. Qb3 Rb8 12. Ng5 Nf8 13. c5 Be6 14. Nxe6 Nxe6 15.
cxd6 exd6 16. d5 Nc5 17. Bxc5 dxc5 18. dxc6 bxc6 19. Qa3 Nd7 20. Bh3 Bd4 21.
Rab1 Qc7 22. Ne2 Ne5 23. Nxd4 cxd4 24. f4 Nc4 25. Qd3 Nxb2 26. Qxd4 Qb6 27.
Qxb6 Rxb6 28. Rf2 Nc4 29. Rxb6 axb6 30. Rc2 Na5 31. Rb2 Nc4 32. Rc2 b5 33. Bf1
Na5 34. Bxb5 O-O 35. Bxc6 Nxc6 36. Rxc6 Ra8 37. Rc2 Ra3 38. Kg2 Kf8 39. Kh3 f6
40. e5 fxe5 41. fxe5 Ke7 42. Rf2 Ke6 43. Rf6+ Kxe5 44. Rxg6 Rxa2 45. Rg5+ Kf6
46. Rxh5 Ra4 47. Rg5 Rb4 48. Rg4 Rb5 49. Rf4+ Kg6 50. Ra4 Kf5 51. Rf4+ Kg6 52.
Kg4 Rc5 53. Ra4 Rc6 54. Ra5 Rc4+ 55. Kh3 Rb4 56. h5+ Kh6 57. g4 Rb1 58. Ra6+
Kg5 59. Rg6+ Kf4 60. Rf6+ Kg5 61. Rf5+ Kh6 62. Re5 Rg1 63. Kh4 Rh1+ 64. Kg3
Rg1+ 65. Kf3 Rf1+ 66. Kg2 Rf4 67. Kg3 Rf1 68. Re6+ Kg7 69. Kh4 Rh1+ 70. Kg5 Ra1
71. Re7+ Kg8 72. h6 Ra5+ 73. Kh4 Ra1 74. Kh5 Rh1+ 75. Kg6 1-0

[Event "Mario Desautels mem"]
[Site "Gatineau CAN"]
[Date "2003.12.16"]
[Round "5"]
[White "Roy, Roger"]
[Black "Libersan, Mattieu"]
[Result "1/2-1/2"]
[WhiteElo "1742"]
[BlackElo "1887"]
[PlyCount "72"]
[EventDate "2003.11.18"]
[EventType "swiss"]
[EventRounds "5"]
[EventCountry "CAN"]

1. d4 Nf6 2. c4 c5 3. dxc5 Qa5+ 4. Nc3 Qxc5 5. e4 g6 6. Be3 Qa5 7. Bd3 Bg7 8.
Nge2 Nc6 9. O-O O-O 10. Ng3 d6 11. Nd5 Be6 12. Bd2 Qd8 13. Bc3 Bxd5 14. cxd5
Ne5 15. Be2 Rc8 16. Rc1 h5 17. f4 Nc4 18. Bd4 h4 19. Rxc4 hxg3 20. Rxc8 gxh2+
21. Kxh2 Qxc8 22. Bf3 Qc4 23. b3 Qxd4 24. Qxd4 Ng4+ 25. Bxg4 Bxd4 26. f5 Kg7
27. fxg6 Rh8+ 28. Kg3 Kxg6 29. Bf5+ Kg7 30. Rf3 Be5+ 31. Kf2 Rh1 32. Bh3 Ra1
33. a4 Ra2+ 34. Kf1 Rb2 35. Bc8 b6 36. Bh3 a5 1/2-1/2

[Event "Mauricie op"]
[Site "Shawinigan CAN"]
[Date "2003.03.21"]
[Round "1"]
[White "Bolduc, Steve"]
[Black "Boudreau, Daniel"]
[Result "1-0"]
[WhiteElo "2303"]
[BlackElo "2044"]
[PlyCount "65"]
[EventDate "2003.03.21"]
[EventType "swiss"]
[EventRounds "5"]
[EventCountry "CAN"]

1. d4 Nf6 2. c4 e6 3. Nc3 c5 4. d5 exd5 5. cxd5 d6 6. e4 g6 7. Bd3 Bg7 8. Nge2
O-O 9. O-O Na6 10. Ng3 Rb8 11. h3 Nc7 12. a4 a6 13. f4 b5 14. axb5 axb5 15. Qf3
Nd7 16. e5 dxe5 17. f5 e4 18. Ncxe4 Ne5 19. Qe2 Nxd3 20. Qxd3 Qxd5 21. Qxd5
Nxd5 22. f6 Bh8 23. Bg5 c4 24. Rad1 Be6 25. Nc5 Nb4 26. Nxe6 fxe6 27. Rd7 Rf7
28. Rxf7 Kxf7 29. Ne4 Rd8 30. Bh6 Rd5 31. Ng5+ Rxg5 32. Bxg5 Nd3 33. Ra1 1-0

[Event "Mauricie op"]
[Site "Shawinigan CAN"]
[Date "2003.03.21"]
[Round "1"]
[White "Brousseau, Yvan"]
[Black "Bannon, Eric"]
[Result "0-1"]
[WhiteElo "2015"]
[BlackElo "2176"]
[PlyCount "88"]
[EventDate "2003.03.21"]
[EventType "swiss"]
[EventRounds "5"]
[EventCountry "CAN"]

1. Nf3 Nf6 2. g3 g6 3. Bg2 Bg7 4. O-O O-O 5. d3 d5 6. Nbd2 c5 7. e4 Nc6 8. c3
Qc7 9. Re1 dxe4 10. dxe4 e5 11. Qc2 h6 12. a4 Be6 13. b4 Nd7 14. b5 Na5 15. c4
Rfd8 16. Bb2 f6 17. Nh4 Nf8 18. Bf1 Bf7 19. Ng2 Ne6 20. Ne3 Nd4 21. Qc3 b6 22.
Nd5 Qd6 23. Qd3 h5 24. Rab1 Bh6 25. Bc3 Bxd2 26. Bxd2 Nxc4 27. Bc3 Na5 28. Bxa5
bxa5 29. Qc3 Bxd5 30. exd5 Kg7 31. Bc4 Qd7 32. Re3 Qf5 33. Rc1 Rac8 34. Qxa5
Rd7 35. Kg2 h4 36. Qc3 Qg5 37. h3 Nf5 38. Rd3 e4 39. f4 Qh6 40. Rdd1 hxg3 41.
Rf1 Rh8 42. h4 Qxh4 43. Rh1 Qxf4 44. Rxh8 Ne3+ 0-1

[Event "Mauricie op"]
[Site "Shawinigan CAN"]
[Date "2003.03.21"]
[Round "1"]
[White "Fortier, Marc-Andre"]
[Black "Bachand-Fleurent, Julien"]
[Result "0-1"]
[WhiteElo "2231"]
[BlackElo "2035"]
[PlyCount "54"]
[EventDate "2003.03.21"]
[EventType "swiss"]
[EventRounds "5"]
[EventCountry "CAN"]

1. e4 e6 2. f4 d5 3. e5 c5 4. Nf3 Nc6 5. c3 Bd7 6. Na3 Qb6 7. b3 f6 8. Bb2 fxe5
9. fxe5 Nh6 10. Bd3 Be7 11. Qc2 g6 12. Bxg6+ hxg6 13. Qxg6+ Nf7 14. Rf1 Rf8 15.
O-O-O O-O-O 16. Rfe1 Nh8 17. Qh6 Rg8 18. g3 Rdf8 19. Qe3 Rf5 20. Rf1 Nf7 21.
Nc2 Qa6 22. Kb1 Nfxe5 23. d4 Bg5 24. Nxg5 Rxf1 25. Ne1 Nd3 26. Nxd3 Rxd1+ 27.
Kc2 Qxd3+ 0-1

[Event "Mauricie op"]
[Site "Shawinigan CAN"]
[Date "2003.03.21"]
[Round "1"]
[White "Masse, Hugues"]
[Black "Zafirov, Stephane"]
[Result "1-0"]
[WhiteElo "2172"]
[BlackElo "2013"]
[PlyCount "41"]
[EventDate "2003.03.21"]
[EventType "swiss"]
[EventRounds "5"]
[EventCountry "CAN"]

1. d4 Nf6 2. c4 e5 3. dxe5 Ne4 4. a3 d6 5. Nf3 Nc6 6. Qc2 Bf5 7. Nc3 d5 8. cxd5
Nxc3 9. Qxf5 Nxd5 10. Bg5 Nde7 11. Qe4 Qd7 12. Rd1 Qe6 13. e3 Rd8 14. Rxd8+
Nxd8 15. Bc4 Qg6 16. Qxg6 fxg6 17. Bf4 h6 18. h4 Kd7 19. Ke2 Kc8 20. Rd1 Nec6
21. Bd3 1-0

[Event "Mauricie op"]
[Site "Shawinigan CAN"]
[Date "2003.03.21"]
[Round "2"]
[White "Bachand-Fleurent, Julien"]
[Black "Chabot, Roland"]
[Result "1/2-1/2"]
[WhiteElo "2035"]
[BlackElo "2294"]
[PlyCount "35"]
[EventDate "2003.03.21"]
[EventType "swiss"]
[EventRounds "5"]
[EventCountry "CAN"]

1. e4 c5 2. Nc3 Nc6 3. g3 g6 4. Bg2 Bg7 5. d3 d6 6. Be3 e6 7. Qd2 Nd4 8. Nd1
Rb8 9. c3 Nc6 10. Ne2 b6 11. f4 Nge7 12. O-O f5 13. Bf2 Bb7 14. Ne3 O-O 15.
Rad1 Qd7 16. Rfe1 d5 17. e5 a5 18. Nc2 1/2-1/2

[Event "Mauricie op"]
[Site "Shawinigan CAN"]
[Date "2003.03.21"]
[Round "2"]
[White "Deschamps, Martin"]
[Black "Masse, Hugues"]
[Result "0-1"]
[WhiteElo "1915"]
[BlackElo "2172"]
[PlyCount "62"]
[EventDate "2003.03.21"]
[EventType "swiss"]
[EventRounds "5"]
[EventCountry "CAN"]

1. e4 e5 2. Nf3 Nc6 3. Bb5 a6 4. Bxc6 dxc6 5. O-O Qd6 6. h3 Ne7 7. Qe2 Be6 8.
c3 c5 9. Rd1 Nc6 10. d3 f6 11. Na3 O-O-O 12. Be3 Be7 13. Nc4 Qd7 14. a4 Qe8 15.
Nh2 g5 16. Nf1 h5 17. Ng3 Qg6 18. Nd2 Rdg8 19. Kf1 h4 20. Nf5 Bxf5 21. exf5
Qxf5 22. Ne4 c4 23. Bc5 g4 24. hxg4 Rxg4 25. Bxe7 Nxe7 26. Re1 Nd5 27. dxc4 Nf4
28. Qe3 Rxg2 29. Qa7 Qg6 30. Qa8+ Kd7 31. Nc5+ Ke7 0-1

[Event "Mauricie op"]
[Site "Shawinigan CAN"]
[Date "2003.03.22"]
[Round "2"]
[White "Trottier, Yves"]
[Black "Bolduc, Steve"]
[Result "0-1"]
[WhiteElo "2003"]
[BlackElo "2303"]
[PlyCount "106"]
[EventDate "2003.03.21"]
[EventType "swiss"]
[EventRounds "5"]
[EventCountry "CAN"]

1. e4 c6 2. d4 d5 3. exd5 cxd5 4. c4 Nf6 5. Nc3 g6 6. Qb3 Bg7 7. cxd5 O-O 8.
Be2 Nbd7 9. Bf3 Nb6 10. Nge2 a5 11. a4 Qd6 12. O-O Qb4 13. Qa2 Bg4 14. b3 Qd6
15. Ba3 Qd7 16. d6 exd6 17. Bxg4 Nxg4 18. Nb5 Rfe8 19. Rac1 Nd5 20. Bxd6 Ra6
21. h3 Nh6 22. Bh2 Nf5 23. Nf4 Nb4 24. Qb1 Rc6 25. d5 Rcc8 26. d6 Nxd6 27. Rcd1
Be5 28. Rfe1 Bxf4 29. Rxe8+ Qxe8 30. Bxf4 Nxb5 31. axb5 Qxb5 32. Qa1 Qf5 33.
Qd4 g5 34. Bc1 Nc6 35. Qd2 Rd8 36. Qe1 Rxd1 37. Qxd1 h6 38. Bb2 Qe6 39. Kh2 f6
40. Kg1 Kg7 41. Qf3 Kg6 42. Qc3 Qf5 43. Ba3 h5 44. Qc4 Kg7 45. Qe2 Qb1+ 46. Kh2
Qxb3 47. Bd6 Qd5 48. Bc7 a4 49. Qxh5 Qf7 50. Qxf7+ Kxf7 51. Bd6 b5 52. f4 b4
53. fxg5 fxg5 0-1

[Event "Mauricie op"]
[Site "Shawinigan CAN"]
[Date "2003.03.22"]
[Round "3"]
[White "Bolduc, Steve"]
[Black "Bannon, Eric"]
[Result "1-0"]
[WhiteElo "2303"]
[BlackElo "2176"]
[PlyCount "57"]
[EventDate "2003.03.21"]
[EventType "swiss"]
[EventRounds "5"]
[EventCountry "CAN"]

1. d4 Nf6 2. c4 g6 3. Nc3 Bg7 4. e4 d6 5. g3 O-O 6. Bg2 Nc6 7. Nge2 e5 8. d5
Ne7 9. Rb1 Nh5 10. O-O f5 11. f3 Kh8 12. b4 Ng8 13. Qd3 Bh6 14. Bb2 Ngf6 15. h3
Rf7 16. Rbe1 f4 17. g4 Ng3 18. Nxg3 fxg3 19. Ne2 a5 20. b5 Nd7 21. f4 Bg7 22.
f5 Nc5 23. Qxg3 c6 24. fxg6 Rxf1+ 25. Rxf1 cxb5 26. cxb5 Qb6 27. Qh4 h6 28. Kh1
Nd3 29. Bc3 1-0

[Event "Mauricie op"]
[Site "Shawinigan CAN"]
[Date "2003.03.22"]
[Round "3"]
[White "Caceres Cortes, Julio"]
[Black "Falardeau, Bruno"]
[Result "1-0"]
[WhiteElo "2054"]
[BlackElo "2092"]
[PlyCount "55"]
[EventDate "2003.03.21"]
[EventType "swiss"]
[EventRounds "5"]
[EventCountry "CAN"]

1. e4 e6 2. d4 d5 3. Nd2 Nf6 4. e5 Nfd7 5. Bd3 c5 6. c3 Nc6 7. Ne2 Qb6 8. Nf3
Be7 9. O-O Nf8 10. a3 Bd7 11. dxc5 Bxc5 12. b4 Be7 13. Bb2 Ng6 14. c4 dxc4 15.
Bxc4 O-O 16. Rc1 Rfd8 17. Qe1 a6 18. Ng3 Rac8 19. Qe4 a5 20. b5 Nb8 21. a4 Bc5
22. h4 Ne7 23. Nh5 Nf5 24. Qg4 Be8 25. Ng5 Bd4 26. Nf6+ Kh8 27. Qh5 h6 28. Qxf7
1-0

[Event "Mauricie op"]
[Site "Shawinigan CAN"]
[Date "2003.03.23"]
[Round "4"]
[White "Bannon, Eric"]
[Black "Miron, Francois"]
[Result "1-0"]
[WhiteElo "2176"]
[BlackElo "2045"]
[PlyCount "47"]
[EventDate "2003.03.21"]
[EventType "swiss"]
[EventRounds "5"]
[EventCountry "CAN"]

1. e4 g6 2. d4 Bg7 3. Nc3 d6 4. Bc4 Nc6 5. Be3 e5 6. Nge2 Nf6 7. f3 O-O 8. Bb3
a6 9. d5 Ne7 10. Qd2 Ne8 11. O-O f5 12. f4 Nf6 13. fxe5 Nxe4 14. Nxe4 fxe4 15.
Rxf8+ Qxf8 16. Rf1 Qe8 17. e6 Nf5 18. Nc3 c5 19. Nxe4 Nxe3 20. Qxe3 Bd4 21.
Qxd4 cxd4 22. Nf6+ Kf8 23. Nxe8+ Kxe8 24. Rf7 1-0

[Event "Mauricie op"]
[Site "Shawinigan CAN"]
[Date "2003.03.23"]
[Round "4"]
[White "Caceres Cortes, Julio"]
[Black "Krayushkin, Victor"]
[Result "1/2-1/2"]
[WhiteElo "2054"]
[BlackElo "2186"]
[PlyCount "39"]
[EventDate "2003.03.21"]
[EventType "swiss"]
[EventRounds "5"]
[EventCountry "CAN"]

1. e4 c5 2. Nf3 Nc6 3. d4 cxd4 4. Nxd4 e5 5. Nb5 d6 6. N1c3 Nf6 7. Bg5 h6 8.
Bxf6 gxf6 9. Na3 f5 10. Bd3 Bg7 11. Qh5 f4 12. O-O Be6 13. Rad1 Qf6 14. Nc4 Rd8
15. Nb6 Qg6 16. Qxg6 fxg6 17. Ncd5 O-O 18. f3 Rf7 19. Rd2 Bf8 20. Rfd1 1/2-1/2

[Event "Mauricie op"]
[Site "Shawinigan CAN"]
[Date "2003.03.23"]
[Round "4"]
[White "Sauve, Richard"]
[Black "Masse, Hugues"]
[Result "1/2-1/2"]
[WhiteElo "2052"]
[BlackElo "2172"]
[PlyCount "86"]
[EventDate "2003.03.21"]
[EventType "swiss"]
[EventRounds "5"]
[EventCountry "CAN"]

1. d4 d5 2. c4 e6 3. Nc3 Nf6 4. cxd5 exd5 5. Bg5 c6 6. e3 Be7 7. Bd3 Nbd7 8.
Nge2 O-O 9. O-O Re8 10. Qc2 Nf8 11. a3 Ne4 12. Bxe7 Qxe7 13. Bxe4 dxe4 14. b4
f5 15. b5 Be6 16. bxc6 bxc6 17. Na4 Bd5 18. Nc5 Rab8 19. Rab1 Rb6 20. a4 Qc7
21. Nc3 Ng6 22. Rfc1 Qd8 23. Qe2 Qg5 24. Kh1 Nh4 25. Qf1 h6 26. Nd7 Rxb1 27.
Rxb1 Kh7 28. Ne5 Ng6 29. Nxg6 Qxg6 30. Rb7 Qd6 31. Nxd5 cxd5 32. Rxa7 Rc8 33.
g3 Qb6 34. Qa6 Qb1+ 35. Kg2 Qd1 36. Qxc8 Qf3+ 37. Kg1 Qd1+ 38. Kg2 Qf3+ 39. Kg1
Qd1+ 40. Kg2 Qf3+ 41. Kg1 Qd1+ 42. Kg2 Qf3+ 43. Kg1 Qd1+ 1/2-1/2

[Event "Mauricie op"]
[Site "Shawinigan CAN"]
[Date "2003.03.23"]
[Round "5"]
[White "Bolduc, Steve"]
[Black "Plante, Rejean"]
[Result "1-0"]
[WhiteElo "2303"]
[BlackElo "2123"]
[PlyCount "115"]
[EventDate "2003.03.21"]
[EventType "swiss"]
[EventRounds "5"]
[EventCountry "CAN"]

1. d4 Nf6 2. c4 g6 3. Nc3 d5 4. Nf3 Bg7 5. Bg5 c6 6. e3 O-O 7. Qb3 e6 8. Bd3
Nbd7 9. O-O Qb6 10. c5 Qxb3 11. axb3 Re8 12. b4 e5 13. dxe5 Nxe5 14. Nxe5 Rxe5
15. Bf4 Re8 16. b5 Ne4 17. Bxe4 dxe4 18. bxc6 bxc6 19. Ra4 f5 20. Bd6 a6 21.
Rfa1 Ra7 22. Rb4 Be5 23. Bxe5 Rxe5 24. Rb8 Re8 25. Rb6 Rc7 26. Ne2 Re5 27. b4
Bb7 28. Nd4 Kf7 29. Nb3 Re6 30. Na5 Bc8 31. Nc4 Ke7 32. Nd6 Rxd6 33. cxd6+ Kxd6
34. Rd1+ Ke7 35. Rc1 Kd7 36. Rd1+ Ke7 37. Rd4 Bb7 38. h4 Ke8 39. Kh2 Ke7 40.
Kg3 Bc8 41. Kf4 Ke6 42. Kg5 Ke5 43. Kh6 f4 44. Rd8 fxe3 45. fxe3 Kf5 46. Rh8 c5
47. Rxh7 Rxh7+ 48. Kxh7 cxb4 49. Rxb4 Bd7 50. Rb6 Kg4 51. Rxg6+ Kxh4 52. Rxa6
Kg3 53. Ra2 Bb5 54. Kg6 Kg4 55. Kf6 Bc4 56. Rb2 Bd3 57. Ke5 Kg3 58. Rb4 1-0

[Event "Mike Shpan mem"]
[Site "Winnipeg CAN"]
[Date "2003.11.04"]
[Round "1"]
[White "Gibson, Kris"]
[Black "Tretiakov, Igor"]
[Result "1-0"]
[WhiteElo "1764"]
[BlackElo "1468"]
[PlyCount "45"]
[EventDate "2003.11.04"]
[EventType "swiss"]
[EventRounds "6"]
[EventCountry "CAN"]

1. e4 c6 2. Nf3 d6 3. Nc3 e6 4. Bc4 b5 5. Bb3 e5 6. d4 exd4 7. Nxd4 Be7 8.
Ndxb5 cxb5 9. Qd5 Be6 10. Qxa8 Bxb3 11. axb3 Nf6 12. Rxa7 O-O 13. O-O Nc6 14.
Qxc6 Re8 15. Nxb5 d5 16. e5 Ng4 17. e6 f6 18. Nc7 Rf8 19. Bf4 Ne5 20. Bxe5 fxe5
21. Nxd5 Re8 22. Nxe7+ Rxe7 23. Ra8 1-0

[Event "Mike Shpan mem"]
[Site "Winnipeg CAN"]
[Date "2003.11.04"]
[Round "1"]
[White "Kohalmi, Andy"]
[Black "Lindsay, Richard"]
[Result "0-1"]
[WhiteElo "1462"]
[BlackElo "1712"]
[PlyCount "54"]
[EventDate "2003.11.04"]
[EventType "swiss"]
[EventRounds "6"]
[EventCountry "CAN"]

1. e4 c5 2. Nf3 Nc6 3. d3 d6 4. g3 g6 5. Bg2 Bg7 6. O-O Nf6 7. Re1 O-O 8. c3
Bg4 9. Nbd2 d5 10. exd5 Nxd5 11. Ne4 Qb6 12. Qc2 Rfd8 13. Nfd2 Ne5 14. Nc4 Qc7
15. Nxe5 Bxe5 16. Nxc5 Bxc3 17. bxc3 Qxc5 18. Bxd5 Qxd5 19. Re4 Bf3 20. Rd4 Qf5
21. Rf4 Qxd3 22. Qxd3 Rxd3 23. Be3 Bc6 24. Rc4 e5 25. Rb1 Rad8 26. Kf1 Bf3 27.
Ke1 Rd1+ 0-1

[Event "Mike Shpan mem"]
[Site "Winnipeg CAN"]
[Date "2003.11.04"]
[Round "1"]
[White "Proulx, Roy"]
[Black "Taylor, Evan"]
[Result "1-0"]
[WhiteElo "1632"]
[BlackElo "1305"]
[PlyCount "51"]
[EventDate "2003.11.04"]
[EventType "swiss"]
[EventRounds "6"]
[EventCountry "CAN"]

1. e4 c6 2. d4 d5 3. e5 Bf5 4. f4 e6 5. Bd3 Bxd3 6. Qxd3 c5 7. Nf3 Nc6 8. c3
cxd4 9. Nxd4 Rc8 10. Be3 Nge7 11. O-O Nxd4 12. Bxd4 Nc6 13. Nd2 Nxd4 14. cxd4
Bb4 15. Nf3 Qb6 16. f5 Rc4 17. fxe6 fxe6 18. a3 Be7 19. b3 Rc6 20. a4 O-O 21.
Rac1 Rfc8 22. Rxc6 Rxc6 23. Qe3 Qc7 24. Qf4 Qc8 25. Ng5 Bxg5 26. Qf7+ 1-0

[Event "Mike Shpan mem"]
[Site "Winnipeg CAN"]
[Date "2003.11.04"]
[Round "1"]
[White "Tang, Edward"]
[Black "Milord, Frank"]
[Result "1-0"]
[WhiteElo "1968"]
[BlackElo "1534"]
[PlyCount "43"]
[EventDate "2003.11.04"]
[EventType "swiss"]
[EventRounds "6"]
[EventCountry "CAN"]

1. e4 d6 2. d4 Nf6 3. Nc3 g6 4. Be3 Bg7 5. Qd2 O-O 6. Bh6 c6 7. O-O-O b5 8.
Bxg7 Kxg7 9. Bd3 Qb6 10. e5 dxe5 11. dxe5 Ng4 12. Nh3 Nxe5 13. Qg5 Nxd3+ 14.
Rxd3 Bxh3 15. Rxh3 Rh8 16. Qe5+ Kg8 17. Qxe7 Na6 18. Rf3 f5 19. Ne4 Rf8 20.
Nf6+ Rxf6 21. Qxf6 c5 22. Qe7 1-0

[Event "Mike Shpan mem"]
[Site "Winnipeg CAN"]
[Date "2003.11.04"]
[Round "1"]
[White "Taylor, Jasper"]
[Black "Anderson, Collin"]
[Result "0-1"]
[WhiteElo "1476"]
[BlackElo "1810"]
[PlyCount "54"]
[EventDate "2003.11.04"]
[EventType "swiss"]
[EventRounds "6"]
[EventCountry "CAN"]

1. d4 Nf6 2. Nf3 g6 3. c4 Bg7 4. Nc3 c5 5. d5 e6 6. dxe6 fxe6 7. e4 O-O 8. Bd3
a6 9. Be3 b6 10. Qd2 Ng4 11. Bf4 Nc6 12. O-O Nce5 13. Nxe5 Nxe5 14. Be2 Qh4 15.
Bg3 Qe7 16. Rfd1 Rd8 17. Qd6 Qxd6 18. Rxd6 Nc6 19. Na4 Nd4 20. Bd3 b5 21. cxb5
axb5 22. Nxc5 Bf8 23. Rxd4 Bxc5 24. Be5 d6 25. Bxd6 Bxd4 26. Bxb5 Rxd6 27. Rd1
Bxf2+ 0-1

[Event "Mike Shpan mem"]
[Site "Winnipeg CAN"]
[Date "2003.11.18"]
[Round "2"]
[White "Anderson, Collin"]
[Black "Gibson, Fred"]
[Result "1-0"]
[WhiteElo "1810"]
[BlackElo "1176"]
[PlyCount "61"]
[EventDate "2003.11.04"]
[EventType "swiss"]
[EventRounds "6"]
[EventCountry "CAN"]

1. d4 d5 2. c4 c6 3. Nc3 Nf6 4. Bg5 e6 5. e3 Bb4 6. Qc2 Nbd7 7. a3 Bxc3+ 8.
bxc3 Qc7 9. Bd3 O-O 10. Nf3 c5 11. O-O b6 12. Rac1 Bb7 13. Bf4 Qc6 14. Rfd1 Ne4
15. cxd5 exd5 16. c4 f5 17. cxd5 Qc8 18. Ne5 Bxd5 19. Nxd7 Qxd7 20. dxc5 Rac8
21. Bc4 Rxc5 22. Rxd5 Rxd5 23. Qd3 Nf6 24. Rd1 Rd8 25. Qb3 Kf8 26. Bxd5 Nxd5
27. Bg5 Rc8 28. e4 Rc3 29. Qxc3 Nxc3 30. Rxd7 Nxe4 31. Be3 1-0

[Event "Mike Shpan mem"]
[Site "Winnipeg CAN"]
[Date "2003.11.18"]
[Round "2"]
[White "Milord, Frank"]
[Black "Kohalmi, Andy"]
[Result "0-1"]
[WhiteElo "1534"]
[BlackElo "1462"]
[PlyCount "86"]
[EventDate "2003.11.04"]
[EventType "swiss"]
[EventRounds "6"]
[EventCountry "CAN"]

1. d4 Nf6 2. c4 e6 3. Nc3 d5 4. Nf3 Bb4 5. e3 O-O 6. Qc2 c6 7. Bd3 Nbd7 8. O-O
Bd6 9. e4 dxe4 10. Nxe4 Nxe4 11. Bxe4 Nf6 12. Bd3 h6 13. h3 Kh8 14. Be3 Nh5 15.
Ne5 Qc7 16. Qc3 c5 17. Rfe1 a5 18. g4 Nf6 19. Rac1 cxd4 20. Bxd4 Bb4 21. Qc2
Bxe1 22. Rxe1 Qd6 23. Qc3 Kg8 24. Nf3 Ne8 25. Be5 Qb4 26. Qd4 Qe7 27. c5 Qd7
28. Bd6 Nxd6 29. cxd6 Rd8 30. Rd1 Kf8 31. Bc4 f6 32. a4 Qxa4 33. b3 Qc6 34. Qd3
Bd7 35. Nh4 Be8 36. Bxe6 b6 37. Ng6+ Bxg6 38. Qxg6 Qe8 39. Qf5 a4 40. bxa4 Ra5
41. Rd5 Rxa4 42. h4 Ra1+ 43. Kh2 Re1 0-1

[Event "Mike Shpan mem"]
[Site "Winnipeg CAN"]
[Date "2003.11.18"]
[Round "2"]
[White "Tretiakov, Igor"]
[Black "Taylor, Jasper"]
[Result "1-0"]
[WhiteElo "1468"]
[BlackElo "1476"]
[PlyCount "71"]
[EventDate "2003.11.04"]
[EventType "swiss"]
[EventRounds "6"]
[EventCountry "CAN"]

1. e4 c6 2. Nf3 d5 3. exd5 cxd5 4. Be2 Nf6 5. d3 Bf5 6. Nd4 Bg6 7. f4 e6 8. Nd2
Bc5 9. N2b3 Bb6 10. Bd2 h6 11. Rf1 Bh7 12. Bg4 Nxg4 13. Qxg4 O-O 14. O-O-O Re8
15. Bc3 g6 16. Rde1 h5 17. Qg3 Bc7 18. Qf3 Nc6 19. Nxc6 bxc6 20. Nc5 Bb6 21.
Bd4 Bxc5 22. Bxc5 Qa5 23. Ba3 c5 24. g4 hxg4 25. Qxg4 Rac8 26. h4 c4 27. dxc4
Rxc4 28. Qg2 Qa4 29. Qf2 Qa6 30. f5 gxf5 31. Rg1+ Kh8 32. Qg3 Rg4 33. Qe5+ Kg8
34. Rxg4+ fxg4 35. Qg5+ Kh8 36. Be7 1-0

[Event "Mike Shpan mem"]
[Site "Winnipeg CAN"]
[Date "2003.11.25"]
[Round "3"]
[White "Pottinger, Carl"]
[Black "Gibson, Fred"]
[Result "1-0"]
[WhiteElo "1602"]
[BlackElo "1176"]
[PlyCount "41"]
[EventDate "2003.11.04"]
[EventType "swiss"]
[EventRounds "6"]
[EventCountry "CAN"]

1. c4 Nf6 2. g3 e6 3. Bg2 Bb4 4. Nc3 c6 5. d4 d5 6. c5 O-O 7. Bd2 Ba5 8. Nf3 h6
9. O-O Nbd7 10. Qc2 b6 11. cxb6 axb6 12. a3 Bxc3 13. Qxc3 Ne4 14. Qxc6 Ra7 15.
Rfc1 Bb7 16. Qc7 Qc8 17. Bf4 Nef6 18. Ne5 Qxc7 19. Rxc7 Nxe5 20. Bxe5 Ne8 21.
Rd7 1-0

[Event "Mike Shpan mem"]
[Site "Winnipeg CAN"]
[Date "2003.12.02"]
[Round "4"]
[White "Gibson, Fred"]
[Black "Taylor, Jasper"]
[Result "0-1"]
[WhiteElo "1176"]
[BlackElo "1476"]
[PlyCount "46"]
[EventDate "2003.11.04"]
[EventType "swiss"]
[EventRounds "6"]
[EventCountry "CAN"]

1. d4 d5 2. c4 c6 3. Nc3 e6 4. Nf3 Nf6 5. Bg5 Be7 6. e3 O-O 7. Bd3 Nbd7 8. O-O
h6 9. Bh4 dxc4 10. Bxc4 c5 11. Re1 b6 12. d5 exd5 13. Bxd5 Nxd5 14. Bxe7 Nxc3
15. Bxd8 Nxd1 16. Be7 Re8 17. Bd6 Nxb2 18. Re2 Nc4 19. Bc7 Ba6 20. Rc2 Nce5 21.
Nd2 Rac8 22. Bd6 Rc6 23. Ne4 Bd3 0-1

[Event "Mike Shpan mem"]
[Site "Winnipeg CAN"]
[Date "2003.12.02"]
[Round "4"]
[White "Kohalmi, Andy"]
[Black "Pottinger, Carl"]
[Result "1/2-1/2"]
[WhiteElo "1462"]
[BlackElo "1602"]
[PlyCount "114"]
[EventDate "2003.11.04"]
[EventType "swiss"]
[EventRounds "6"]
[EventCountry "CAN"]

1. e4 c5 2. Nf3 Nc6 3. g3 g6 4. Bg2 Bg7 5. d3 d6 6. O-O Nf6 7. Re1 e5 8. c3 O-O
9. d4 Bd7 10. d5 Ne7 11. a4 Ne8 12. Ng5 h6 13. Nf3 f5 14. exf5 Nxf5 15. Nbd2 a6
16. a5 Bb5 17. Bh3 Kh7 18. Bxf5 gxf5 19. Nh4 Qf6 20. Nf1 Bxf1 21. Kxf1 Nc7 22.
Ng2 Nb5 23. Ra4 Rad8 24. Rh4 Qg6 25. Rh5 Nc7 26. Nh4 Qg4 27. Nxf5 Qxd1 28. Rxd1
Rf6 29. g4 Nb5 30. Ke2 Rh8 31. Ng3 Kg8 32. g5 hxg5 33. Rxh8+ Kxh8 34. Bxg5 Rg6
35. h4 Nc7 36. Ne4 Bf8 37. h5 Rg8 38. h6 Ne8 39. Rh1 Kh7 40. Be3 Be7 41. Rh3
Rg6 42. Rg3 Rxg3 43. fxg3 Bf8 44. Ng5+ Kh8 45. Ne6 Be7 46. g4 Nf6 47. Bg5 Nxd5
48. Bxe7 Nxe7 49. Nd8 c4 50. Nxb7 d5 51. Ke3 Kh7 52. g5 Nc6 53. Nc5 Nxa5 54.
Nxa6 Nb3 55. Nb4 d4+ 56. cxd4 exd4+ 57. Ke2 Nc5 1/2-1/2

[Event "Mike Shpan mem"]
[Site "Winnipeg CAN"]
[Date "2003.12.02"]
[Round "4"]
[White "Tretiakov, Igor"]
[Black "Milord, Frank"]
[Result "1-0"]
[WhiteElo "1468"]
[BlackElo "1534"]
[PlyCount "89"]
[EventDate "2003.11.04"]
[EventType "swiss"]
[EventRounds "6"]
[EventCountry "CAN"]

1. e4 d6 2. d4 Nf6 3. Nc3 g6 4. Be2 Bg7 5. f4 O-O 6. Nf3 c5 7. Be3 Ng4 8. Qd2
Nxe3 9. Qxe3 Qb6 10. O-O-O cxd4 11. Nxd4 e5 12. Nd5 Qa5 13. Nb3 Qxa2 14. Nc3
exf4 15. Nxa2 fxe3 16. Rxd6 Be6 17. Rd3 Nc6 18. Rhd1 Bc4 19. Rxe3 Bh6 20. Bxc4
Rad8 21. Rde1 Rfe8 22. Kb1 Bxe3 23. Rxe3 Rd1+ 24. Nac1 Ne5 25. Bd5 b6 26. h3
Kg7 27. c3 Rg1 28. g4 Nd7 29. Ka2 Nf6 30. Rf3 Nxd5 31. exd5 a5 32. Nd3 a4 33.
Nd4 Rd1 34. d6 Rd8 35. Nb5 f6 36. Ka3 Ra1+ 37. Kb4 Kf7 38. Re3 Rd7 39. Kc4 a3
40. bxa3 Rb1 41. Nf4 Rxb5 42. Kxb5 Rxd6 43. Rd3 Rxd3 44. Nxd3 f5 45. Kxb6 1-0

[Event "Mike Shpan mem"]
[Site "Winnipeg CAN"]
[Date "2003.12.09"]
[Round "5"]
[White "Anderson, Collin"]
[Black "Pottinger, Carl"]
[Result "0-1"]
[WhiteElo "1810"]
[BlackElo "1602"]
[PlyCount "51"]
[EventDate "2003.11.04"]
[EventType "swiss"]
[EventRounds "6"]
[EventCountry "CAN"]

1. d4 Nf6 2. c4 g6 3. Nc3 Bg7 4. e4 d6 5. f3 O-O 6. Be3 a6 7. Nge2 Nc6 8. Qd2
Rb8 9. h4 b5 10. Bh6 Bxh6 11. Qxh6 bxc4 12. h5 Rxb2 13. Nd5 e6 14. Ne3 Rxe2+
15. Bxe2 Nxd4 16. g4 c6 17. hxg6 fxg6 18. Nxc4 Nc2+ 19. Kf1 Nxa1 20. e5 dxe5
21. Nxe5 Qe7 22. Nxc6 Qg7 23. Qc1 Nxg4 24. Kg2 Ne5 25. Nd4 Nd7 26. Nxe6 0-1